| 000 | 01343cad a22002175a 4500 | ||
|---|---|---|---|
| 001 | L153763 | ||
| 008 | 110825s2011 xxk f 000 0 eng d | ||
| 035 | _a(Sirsi) u153763 | ||
| 041 | 0 | _aeng | |
| 100 | 1 | _aAshworth, Chris | |
| 110 | 2 |
_aChartered Institute of Marketing Construction Industry Group _95964 |
|
| 245 | 0 | 0 |
_aTaking sustainability to the consumer _bthe CIMCIG industry report 2011 _h[electronic resource] |
| 260 |
_a[S.l.] _bCIMCIG _c2011 |
||
| 520 | _aWarns that the construction industry is still not positioned to take advantage of the opportunities that are offered by low carbon and energy efficient buildings, products and systems. The survey found that only 35% of product manufacturers believe that the Green Deal will be an important opportunity and only 31% currently have suitable products available. The report was compiled through interviews with 100 manufacturers and installers. Documents the role of RICS and other organisations in implementing the Green Deal. | ||
| 590 | _aKA NTK | ||
| 651 | 4 |
_aUnited Kingdom _y |
|
| 690 | _aENVIRONMENTAL AND LAND CONSULTANCY-ENERGY-ENERGY USE-ENERGY EFFICIENCY | ||
| 690 | _aBUILT ENVIRONMENT-SUSTAINABLE CONSTRUCTION | ||
| 856 | 4 | 0 |
_uhttps://www.cimcig.org/files/library/Taking_Sustainabilit_1313575604.pdf _zView the report free of charge at www.cimcig.org |
| 942 | _n0 | ||
| 999 |
_c112689 _d112689 |
||